00557nam a2200157Ia 4500008004100000082001500041100001700056245004200073250000800115260004600123300000800169650000800177942001200185999001100197952019100208191201s2007 xx 000 0 und d a658.3bMAH aMAMORIA, C B 0aTextbook of Human Resource Management aRep aN.DelhibHimalaya Publication Housec2007 a398 aBBA 2ddccBK c56d56 00102ddc40708BBAaPIETbPIETd2014-02-24eDonated by Parul Gupta MBAkDonated by Parul Gupta MBAl0o658.3 MAHp23006r2019-12-04 00:00:00w2014-02-21yBKzDonated by Parul Gupta MBA